| 000 | 00750nam a2200205Ia 4500 | ||
|---|---|---|---|
| 003 | 0 | ||
| 005 | 20250130154552.0 | ||
| 008 | 150126s9999 xx 000 0 und d | ||
| 050 |
_aPGS GV 706.4 _b.D332 2014 |
||
| 100 | _aDela Cruz, Ezra. | ||
| 245 |
_aSports preferences and creative thinking skills of SISC students / _cEzra Dela Cruz. |
||
| 260 |
_aLas PiƱas City, Philippines : _bSouthville International School and Colleges, _c2014. |
||
| 300 |
_a26 p. : _bill. ; _c28 cm. |
||
| 504 | _aIncludes bibliographical references. | ||
| 650 |
_aSports _vPsychological aspects. |
||
| 650 |
_aCreative thinking _vStudy and teaching (Elementary). |
||
| 650 |
_aAthletes _vPsychology. |
||
| 650 | _aCognition and sports performance. | ||
| 942 |
_2lcc _cPASS |
||
| 999 |
_c278572 _d278572 |
||